000 01420 a2200229 4500
003 Nust
005 20170207152515.0
010 _a 2002041297
020 _a0849313333 (alk. paper)
040 _cNust
082 0 0 _a621.3827
245 0 4 _aThe handbook of optical communication networks /
_cedited by Mohammad Ilyas, Hussein T. Mouftah.
260 _aBoca Raton :
_bCRC Press,
_cc2003.
300 _a470 p. :
_bill. ;
_c25 cm.
440 0 _aElectrical engineering handbook series ;
_v30
505 _aOverview of Optical Communication Network (Page-1) Evolution of Optical Network Architecture (Page-29) Design of Optical Communication network (Page-45) Evolution to and Optical Broadband Services Network(Page-93)Multiprotocol Label Switching (Page-93) Dynamic Synchronous Transfer Mode (Page-103) A Survey on Fair Bandwidth Allocation for Multicast (Page-111) Emerging Optical network Management (Page-121)Optical Network Resource Management and Allocation (Page-149) Real Time Provisional of optical (Page-175) Routing and Wavelength assignment with Multi…….(Page-195)Adaptive Routing (Page-221) Fiber optic Sensor (Page-407) Wavelength Converters (Page-433).
538 _aAlmirah No 26 Shelf No 6
650 0 _aTelecommunication engineering
700 1 _aIlyas, Mohammad,
_d1953-
700 1 _aMouftah, Hussein T.
856 4 2 _3Publisher description
_uhttp://www.loc.gov/catdir/enhancements/fy0646/2002041297-d.html
942 _cREF
999 _c176003
_d176003